<?xml version="1.0" encoding="UTF-8"?>
<record
    xmlns:xsi="http://www.w3.org/2001/XMLSchema-instance"
    xsi:schemaLocation="http://www.loc.gov/MARC21/slim http://www.loc.gov/standards/marcxml/schema/MARC21slim.xsd"
    xmlns="http://www.loc.gov/MARC21/slim">

  <leader>03273cam a22003615a 4500</leader>
  <datafield tag="999" ind1=" " ind2=" ">
    <subfield code="c">19816</subfield>
    <subfield code="d">19788</subfield>
  </datafield>
  <controlfield tag="001">18171493</controlfield>
  <controlfield tag="003">EG-ScBUE</controlfield>
  <controlfield tag="005">20200209115214.0</controlfield>
  <controlfield tag="008">140509s2014    enkko  f b    001 0 eng d</controlfield>
  <datafield tag="020" ind1=" " ind2=" ">
    <subfield code="a">9781408177082 (paperback)</subfield>
  </datafield>
  <datafield tag="040" ind1=" " ind2=" ">
    <subfield code="a">AU@</subfield>
    <subfield code="b">eng</subfield>
    <subfield code="e">rda</subfield>
    <subfield code="c">AU@</subfield>
    <subfield code="d">OCLCO</subfield>
    <subfield code="d">DGU</subfield>
    <subfield code="d">OCLCO</subfield>
    <subfield code="d">DLC</subfield>
    <subfield code="d">EG-ScBUE</subfield>
    <subfield code="d">EG-ScBUE</subfield>
  </datafield>
  <datafield tag="082" ind1="0" ind2="4">
    <subfield code="a">808.2</subfield>
    <subfield code="b">NEW</subfield>
    <subfield code="2">22</subfield>
  </datafield>
  <datafield tag="245" ind1="0" ind2="0">
    <subfield code="a">New dramaturgy :</subfield>
    <subfield code="b">international perspectives on theory and practice /</subfield>
    <subfield code="c">edited by Katalin Trencsenyi and Bernadette Cochrane.</subfield>
  </datafield>
  <datafield tag="264" ind1=" " ind2="1">
    <subfield code="a">London, UK ;</subfield>
    <subfield code="a">New York, NY :</subfield>
    <subfield code="b">Bloomsbury,</subfield>
    <subfield code="c">2014.</subfield>
  </datafield>
  <datafield tag="300" ind1=" " ind2=" ">
    <subfield code="a">xx, 275 pages :</subfield>
    <subfield code="b">forms, photos ;</subfield>
    <subfield code="c">22 cm.</subfield>
  </datafield>
  <datafield tag="336" ind1=" " ind2=" ">
    <subfield code="2">rdacontent</subfield>
    <subfield code="a">text</subfield>
    <subfield code="b">txt</subfield>
  </datafield>
  <datafield tag="337" ind1=" " ind2=" ">
    <subfield code="2">rdamedia</subfield>
    <subfield code="a">unmediated</subfield>
    <subfield code="b">n</subfield>
  </datafield>
  <datafield tag="338" ind1=" " ind2=" ">
    <subfield code="2">rdacarrier</subfield>
    <subfield code="a">volume</subfield>
    <subfield code="b">nc</subfield>
  </datafield>
  <datafield tag="490" ind1="0" ind2=" ">
    <subfield code="a">Bloomsbury methuen drama</subfield>
  </datafield>
  <datafield tag="504" ind1=" " ind2=" ">
    <subfield code="a">Includes bibliographical references and index.</subfield>
  </datafield>
  <datafield tag="505" ind1="0" ind2=" ">
    <subfield code="a">Towards a New Theory -- Dramaturgy in Postdramatic' Times / Joseph Danan -- Dramaturgy as Ecology : A Report from The Dramaturgies Project / Peter Eckersall, Paul Monaghan and Melanie Beddie -- Respect and Perspective : Art, Structure and Ownership / Alan Lawrence -- Text -- Telling Stories Across Forms : Interview with Brian Quirt (artistic director, Nightswimming, Toronto) / Yolanda Ferrato -- Towards Performed Dramaturgy / Duska Radosavljevic -- Disruption as Revealing the Essence of Truth / Gad Kaynar in conversation with Ruth Kanner -- Devising -- The Feeling of Devising : Emotion and Mind in the Devising Process / Jackie Smart -- 'A Way of Listening' : Interview with John Collins (artistic director, Elevator Repair Service, New York) / Ana Pais -- The Appliance of Science : Devising, Dramaturgy and the Alternative Science Play / Alex Mermikides -- Dance -- Time and a Mirror : Towards a Hybrid Dramaturgy for Intercultural-Indigenous Performance / Rachael Swain -- Going 'Au-del&#xFFFD;a' : A Journey into the Unknown. Reflections of a Choreographer and a Dramaturg / Lou Cope and Koen Augustijnen with contributions from Annie Pui Ling Lok -- Re-Membering Zero Degrees / Guy Cools -- Spectatorship -- Porous Dramaturgy and the Pedestrian / Cathy Turner -- Dialectical Theatre and Devising : Dramaturgy as a Dialogue between the Author and the Audience / Pedro Ilgenfritz -- Acts of Spectating : The Dramaturgy of the Audience's Experience in Contemporary Theatre / Peter M. Boenisch.</subfield>
  </datafield>
  <datafield tag="520" ind1=" " ind2=" ">
    <subfield code="a">Recent shifts in the theatrical landscape have had corresponding implications for dramaturgy. The way we think about theatre and performance today has changed our approaches to theatre making and composition. Emerging new aesthetics and new areas of dramaturgical work such as live art, devised and physical theatre, experimental performance, and dance demand new approaches and sensibilities. This is the first book to explore new dramaturgy in depth, and considers how our thinking about dramaturgy and the role of the dramaturg has been transformed.</subfield>
  </datafield>
  <datafield tag="650" ind1=" " ind2="7">
    <subfield code="a">Drama</subfield>
    <subfield code="x">Technique.</subfield>
    <subfield code="2">BUEsh</subfield>
    <subfield code="9">39765</subfield>
  </datafield>
  <datafield tag="650" ind1=" " ind2="7">
    <subfield code="a">Playwriting.</subfield>
    <subfield code="2">BUEsh</subfield>
    <subfield code="9">33116</subfield>
  </datafield>
  <datafield tag="650" ind1=" " ind2="7">
    <subfield code="a">Theater.</subfield>
    <subfield code="2">BUEsh</subfield>
  </datafield>
  <datafield tag="651" ind1=" " ind2=" ">
    <subfield code="2">BUEsh</subfield>
  </datafield>
  <datafield tag="653" ind1=" " ind2=" ">
    <subfield code="b">COMAME</subfield>
    <subfield code="c">June2015</subfield>
    <subfield code="c">August2015</subfield>
  </datafield>
  <datafield tag="653" ind1=" " ind2=" ">
    <subfield code="b">HHUUEENN</subfield>
    <subfield code="c">February2017</subfield>
  </datafield>
  <datafield tag="655" ind1=" " ind2=" ">
    <subfield code="v">Reading book</subfield>
  </datafield>
  <datafield tag="700" ind1="1" ind2=" ">
    <subfield code="a">Trencsenyi, Katalin,</subfield>
    <subfield code="e">editor.</subfield>
  </datafield>
  <datafield tag="700" ind1="1" ind2=" ">
    <subfield code="a">Cochrane, Bernadette,</subfield>
    <subfield code="e">editor.</subfield>
  </datafield>
  <datafield tag="942" ind1=" " ind2=" ">
    <subfield code="2">ddc</subfield>
    <subfield code="c">BB</subfield>
  </datafield>
  <datafield tag="952" ind1=" " ind2=" ">
    <subfield code="0">0</subfield>
    <subfield code="1">0</subfield>
    <subfield code="2">ddc</subfield>
    <subfield code="4">0</subfield>
    <subfield code="7">0</subfield>
    <subfield code="8">Alahram</subfield>
    <subfield code="a">MAIN</subfield>
    <subfield code="b">MAIN</subfield>
    <subfield code="c">2ND</subfield>
    <subfield code="d">2015-06-22</subfield>
    <subfield code="e">purchase</subfield>
    <subfield code="g">239.00</subfield>
    <subfield code="h">314</subfield>
    <subfield code="l">0</subfield>
    <subfield code="o">808.2 NEW</subfield>
    <subfield code="p">000038705</subfield>
    <subfield code="r">2025-07-15 00:00:00</subfield>
    <subfield code="v">298.75</subfield>
    <subfield code="y">BB</subfield>
  </datafield>
  <datafield tag="952" ind1=" " ind2=" ">
    <subfield code="0">0</subfield>
    <subfield code="1">0</subfield>
    <subfield code="2">ddc</subfield>
    <subfield code="4">0</subfield>
    <subfield code="7">0</subfield>
    <subfield code="8">Baccah</subfield>
    <subfield code="a">MAIN</subfield>
    <subfield code="b">MAIN</subfield>
    <subfield code="c">2ND</subfield>
    <subfield code="d">2017-02-11</subfield>
    <subfield code="e">Purchase</subfield>
    <subfield code="g">378.00</subfield>
    <subfield code="h">27334</subfield>
    <subfield code="l">0</subfield>
    <subfield code="o">808.2 NEW</subfield>
    <subfield code="p">000045408</subfield>
    <subfield code="r">2025-07-15 00:00:00</subfield>
    <subfield code="v">472.50</subfield>
    <subfield code="y">BB</subfield>
  </datafield>
</record>
